MODERN METHODS OF PLANT ANALYSIS VOL6 (Record no. 276973)

MARC details
000 -LEADER
fixed length control field 00373pam a2200145a 44500
008 - FIXED-LENGTH DATA ELEMENTS--GENERAL INFORMATION
fixed length control field 230405s xxu||||| |||| 00| 0 eng d
041 ## - LANGUAGE CODE
Language code of text/sound track or separate title ENG
100 ## - MAIN ENTRY--PERSONAL NAME
Personal name K PAECH K /TRACEY
245 ## - TITLE STATEMENT
Title MODERN METHODS OF PLANT ANALYSIS VOL6
250 ## - EDITION STATEMENT
Edition statement 1 2011
260 ## - PUBLICATION, DISTRIBUTION, ETC.
Place of publication, distribution, etc. NEW YORK
Name of publisher, distributor, etc. SPRINGER VERLAG PUBLICATION NEW YORK
Date of publication, distribution, etc.
300 ## - PHYSICAL DESCRIPTION
Extent 488
650 ## - SUBJECT ADDED ENTRY--TOPICAL TERM
Topical term or geographic name entry element PHARMACOGNOSY
906 ## - LOCAL DATA ELEMENT F, LDF (RLIN)
a 1702

No items available.